Human Resource Management: (Record no. 11197)
[ view plain ]
| 000 -LEADER | |
|---|---|
| fixed length control field | 00600nam a22001817a 4500 |
| 001 - CONTROL NUMBER | |
| control field | 11197 |
| 005 - DATE AND TIME OF LATEST TRANSACTION | |
| control field | 20260217084302.0 |
| 008 - FIXED-LENGTH DATA ELEMENTS--GENERAL INFORMATION | |
| fixed length control field | 170607b xxu||||| |||| 00| 0 eng d |
| 040 ## - CATALOGING SOURCE | |
| Original cataloging agency | BSULIB |
| 082 ## - DEWEY DECIMAL CLASSIFICATION NUMBER | |
| Edition number | 22 |
| Classification number | 658.3 |
| Item number | BIR |
| 100 ## - MAIN ENTRY--PERSONAL NAME | |
| Personal name | Birungi Komunda Mabel. |
| 9 (RLIN) | 21613 |
| 245 ## - TITLE STATEMENT | |
| Title | Human Resource Management: |
| Remainder of title | Simplified, Questions, Cases and Model Answers/ |
| Statement of responsibility, etc | Komunda Birungi Mabel. |
| 260 ## - PUBLICATION, DISTRIBUTION, ETC. (IMPRINT) | |
| Place of publication, distribution, etc | Kampala, Uganda: |
| Name of publisher, distributor, etc | Mukono Bookshop Printing and Publishing Company Ltd, |
| Date of publication, distribution, etc | 2006. |
| 300 ## - PHYSICAL DESCRIPTION | |
| Extent | vii, 253P.: |
| Dimensions | 29cm. |
| Other physical details | ill.; |
| 650 ## - SUBJECT ADDED ENTRY--TOPICAL TERM | |
| Source of heading or term | Human resource management |
| 658 ## - INDEX TERM--CURRICULUM OBJECTIVE | |
| Main curriculum objective | Management |
| 942 ## - ADDED ENTRY ELEMENTS (KOHA) | |
| Source of classification or shelving scheme | Dewey Decimal Classification |
| Item type | Books |
| Withdrawn status | Lost status | Source of classification or shelving scheme | Damaged status | Not for loan | Collection code | Home library | Current library | Shelving location | Date acquired | Source of acquisition | Inventory number | Total Checkouts | Full call number | Barcode | Date last seen | Copy number | Price effective from | Koha item type | Public note |
|---|---|---|---|---|---|---|---|---|---|---|---|---|---|---|---|---|---|---|---|
| Dewey Decimal Classification | Main Library | Main Library | Reserve Book Section | 07/06/2017 | Purchased | 31114 | 658.3 BIR | bsu26020312 | 07/06/2017 | 001 | 07/06/2017 | Books | Material available in hard copy | ||||||
| Dewey Decimal Classification | Main Library | Main Library | Reserve Book Section | 07/06/2017 | Purchased | 31115 | 658.3 BIR | bsu26020313 | 07/06/2017 | 002 | 07/06/2017 | Books | Material available in hard copy | ||||||
| Dewey Decimal Classification | Main Library | Main Library | Reserve Book Section | 17/02/2026 | Donation | 23091 | 658.3 BIR | bsu26020314 | 17/02/2026 | 003 | 17/02/2026 | Books | Material available in hard copy |